书目信息 |
| 题名: |
粘接与表面粘涂技术
|
|
| 作者: | 翟海潮 编著 | |
| 分册: | ||
| 出版信息: | 北京 化学工业出版社 1997.08 |
|
| 页数: | 287页 | |
| 开本: | 16开 | |
| 丛书名: | ||
| 单 册: | ||
| 中图分类: | TG494 | |
| 科图分类: | ||
| 主题词: | 金属--粘接 , 金属--胶接 | |
| 电子资源: | ||
| ISBN: | 7-5025-1825-8 | |
| 000 | 00602nam0 2200205 45 | |
| 001 | 0010061028 | |
| 005 | 20001006100600.3 | |
| 010 | @a7-5025-1825-8@d28.00元 | |
| 100 | @a20001006d1997 km y0chiy0120 ea | |
| 101 | 0 | @achi |
| 105 | @a z 000yy | |
| 200 | 1 | @a粘接与表面粘涂技术@ANian Jie Yu Biao Mian Nian Tu Ji Shu@f翟海潮等编著@FZhai Hai Chao Deng Bian Zhu |
| 210 | @a北京@c化学工业出版社@d1997.08 | |
| 215 | @a287页@d16开 | |
| 606 | 0 | @a金属@x粘接 |
| 606 | 0 | @a金属@x胶接 |
| 690 | @aTG494@v3 | |
| 701 | 0 | @a翟海潮@4编著 |
| 801 | @aCN@bPftUser@c20001006 | |
| 905 | @b167614-616@dTG494@eZH112=2@f3 | |
| 粘接与表面粘涂技术/翟海潮等编著.-北京:化学工业出版社,1997.08 |
| 287页;16开 |
| ISBN 7-5025-1825-8:28.00元 |
| ● |
| 相关链接 |
|
|
|
正题名:粘接与表面粘涂技术
索取号:TG494/ZH112=2
 
预约/预借
| 序号 | 登录号 | 条形码 | 馆藏地/架位号 | 状态 | 备注 |
| 1 | 167614 | 201676141 | 自科库501/501自科库 27排1列3层/ [索取号:TG494/ZH112=2] | 在馆 | |
| 2 | 167615 | 201676150 | 自科库501/501自科库 27排1列3层/ [索取号:TG494/ZH112=2] | 在馆 | |
| 3 | 167616 | 201676169 | 自科库501/501自科库 27排1列3层/ [索取号:TG494/ZH112=2] | 在馆 |